ऋतुसंहार / (Record no. 48634)
[ view plain ]
| 000 -LEADER | |
|---|---|
| fixed length control field | 02957nam a22003737a 4500 |
| 005 - DATE AND TIME OF LATEST TRANSACTION | |
| control field | 20090316110612.0 |
| 010 ## - LCCN (DPL NO) | |
| LC control number | HIN-90998 B-428952-959 |
| 020 ## - INTERNATIONAL STANDARD BOOK NUMBER | |
| Terms of availability | 395.00 |
| International Standard Book Number | 9789380146683 |
| 035 ## - SYSTEM CONTROL NUMBER | |
| System control number | HN-63344 |
| 035 ## - SYSTEM CONTROL NUMBER | |
| System control number | B-428952-959 |
| 037 ## - SOURCE OF ACQUISITION | |
| Source of stock number/acquisition | DBAD / PUB |
| 037 ## - SOURCE OF ACQUISITION | |
| Source of stock number/acquisition | वर्चुअस |
| 082 ## - DEWEY DECIMAL CLASSIFICATION NUMBER | |
| Classification number | 811.08 |
| 100 ## - MAIN ENTRY--PERSONAL NAME | |
| Personal name | कालिदास |
| 245 ## - TITLE STATEMENT | |
| Title | ऋतुसंहार / |
| Statement of responsibility, etc | कालिदास |
| 246 ## - VARYING FORM OF TITLE | |
| Title proper/short title | Ritusamhaar |
| Remainder of title | by Kalidasa |
| 260 ## - PUBLICATION, DISTRIBUTION, ETC. (IMPRINT) | |
| Place of publication, distribution, etc | नई दिल्ली |
| Name of publisher, distributor, etc | किताबघर प्रकाशन |
| Date of publication, distribution, etc | 2010 |
| 270 ## - ADDRESS | |
| Address | 4855-56/24, अंसारी रोड, दरियागंज |
| City | नई दिल्ली |
| Postal code | 110002 |
| 300 ## - PHYSICAL DESCRIPTION | |
| Extent | 180पृ. |
| Dimensions | 23सेमी (सजिल्द) |
| 700 ## - ADDED ENTRY--PERSONAL NAME | |
| 9 (RLIN) | 24212 |
| 700 ## - ADDED ENTRY--PERSONAL NAME | |
| 9 (RLIN) | 24373 |
| 700 ## - ADDED ENTRY--PERSONAL NAME | |
| 9 (RLIN) | 24219 |
| 942 ## - ADDED ENTRY ELEMENTS (KOHA) | |
| Source of classification or shelving scheme | Dewey Decimal Classification |
| Item type | Hindi Books |
| Call number suffix | कालिदा |
| Classification part | 811.08 |
| Withdrawn status | Lost status | Not for loan | Collection code | Home library | Current library | Date acquired | Source of acquisition | Cost, normal purchase price | Full call number | Barcode | Copy number | Cost, replacement price | Koha item type |
|---|---|---|---|---|---|---|---|---|---|---|---|---|---|
| Non-fiction | Central Jail Tihar | Central Jail Tihar | 12/05/2011 | वर्चुअस /87/24.3.11/81/15.3.11/30.3.11 | 395.00 | 811.08 कालिदा | B-428956 | 1 | 395.00 | Hindi Books | |||
| Not For Loan | Non-fiction | D.B.Act.Division | D.B.Act.Division | 19/11/2010 | DBAD /PUB | 395.00 | 810.2 कालिदा | HN-63344 | 1 | 395.00 | Hindi Books | ||
| Withdrawn | Non-fiction | Janak Puri | Janak Puri | 12/05/2011 | वर्चुअस /87/24.3.11/81/15.3.11/30.3.11 | 395.00 | 811.08 कालिदा | B-428957 | 1 | 395.00 | Hindi Books | ||
| Non-fiction | Karol Bagh | Karol Bagh | 12/05/2011 | वर्चुअस /87/24.3.11/81/15.3.11/30.3.11 | 395.00 | 811.08 कालिदा | B-428958 | 1 | 395.00 | Hindi Books | |||
| Non-fiction | Kasturba Gandhi Marg | Kasturba Gandhi Marg | 12/05/2011 | वर्चुअस /87/24.3.11/81/15.3.11/30.3.11 | 395.00 | 811.08 कालिदा | B-428953 | 1 | 395.00 | Hindi Books | |||
| Non-fiction | Narela | Narela | 12/05/2011 | वर्चुअस /87/24.3.11/81/15.3.11/30.3.11 | 395.00 | 811.08 कालिदा | B-428959 | 1 | 395.00 | Hindi Books | |||
| Non-fiction | Patel Nagar | Patel Nagar | 12/05/2011 | वर्चुअस /87/24.3.11/81/15.3.11/30.3.11 | 395.00 | 811.08 कालिदा | B-428952 | 1 | 395.00 | Hindi Books | |||
| Non-fiction | Peshwa Road | Peshwa Road | 12/05/2011 | वर्चुअस /87/24.3.11/81/15.3.11/30.3.11 | 395.00 | 811.08 कालिदा | B-428954 | 1 | 395.00 | Hindi Books | |||
| Non-fiction | Tri Nagar | Tri Nagar | 12/05/2011 | वर्चुअस /87/24.3.11/81/15.3.11/30.3.11 | 395.00 | 811.08 कालिदा | B-428955 | 1 | 395.00 | Hindi Books |
